[Event "Summer Prague Open 2021 - B"]
[Site "Olympik hotel, Sokolovska 138,"]
[Date "2021.08.06"]
[Round "1.3"]
[White "Dreher, David"]
[Black "Pejrimovsky, Tadeas Rubel"]
[Result "1-0"]
[WhiteElo "1888"]
[BlackElo "1532"]
[PlyCount "105"]
[EventDate "2021.08.06"]

1. d4 Nf6 2. Bf4 g6 3. Nc3 d5 4. e3 Bg7 5. Nb5 Na6 6. h4 O-O 7. Be2 c6 8. Nc3
b6 9. Nf3 Bb7 10. Ne5 Nb8 11. h5 Nbd7 12. hxg6 fxg6 13. Bd3 Nh5 14. Rxh5 gxh5
15. Qxh5 Nf6 16. Qh2 Qe8 17. g4 c5 18. g5 Qh5 19. gxf6 Qxh2 20. f7+ Rxf7 21.
Bxh2 Rf6 22. Bg3 cxd4 23. exd4 Bh6 24. Ne2 Rc8 25. Ng4 Rfc6 26. Nxh6+ Rxh6 27.
Kd2 Bc6 28. Rg1 Kf7 29. Be5 Rg8 30. Rg3 Bd7 31. Ke3 Rh1 32. c4 e6 33. Rxg8 Kxg8
34. Ng3 Rh3 35. Bf1 Rh2 36. cxd5 exd5 37. Ne4 Rh1 38. Nf6+ Kf7 39. Bg2 Rg1 40.
Bxd5+ Be6 41. Bxe6+ Kxe6 42. f4 h6 43. d5+ Ke7 44. d6+ Kd8 45. Ke4 Rh1 46. Kf5
h5 47. Ke6 h4 48. f5 h3 49. Ng4 Rg1 50. Nh2 Re1 51. f6 Re2 52. f7 Rf2 53. Bf6+
1-0

[Event "Summer Prague Open 2021 - B"]
[Site "Olympik hotel, Sokolovska 138,"]
[Date "2021.08.06"]
[Round "1.4"]
[White "Veselsky, Jan"]
[Black "Marinc, Damir"]
[Result "0-1"]
[WhiteElo "1531"]
[BlackElo "1887"]
[PlyCount "86"]
[EventDate "2021.08.06"]

1. d4 Nf6 2. c4 e6 3. Nc3 d5 4. Bg5 Be7 5. e3 O-O 6. Nf3 b6 7. Rc1 Bb7 8. cxd5
exd5 9. Bd3 Ne4 10. Bxe7 Qxe7 11. Qc2 Rc8 12. O-O Nd7 13. Qe2 a6 14. Bb1 g6 15.
Nd2 Kg7 16. Rfe1 f5 17. f3 Nxc3 18. Rxc3 c5 19. dxc5 Rxc5 20. Qd3 Rac8 21. Rec1
Qf6 22. Rxc5 Rxc5 23. Rxc5 Nxc5 24. Qd4 Qxd4 25. exd4 Ne6 26. Nb3 a5 27. a4 Bc6
28. g4 f4 29. Nd2 Bxa4 30. Ba2 Bc6 31. Ne4 Nxd4 32. Nc3 Nxf3+ 33. Kg2 d4 34.
Nd5 Ne5 35. h3 Nd3 36. Kf1 Bxd5 37. Bxd5 Nxb2 38. Ke2 Kf6 39. Kf3 Ke5 40. Bb3
d3 41. h4 d2 42. Ke2 d1=Q+ 43. Bxd1 Nxd1 0-1

[Event "Summer Prague Open 2021 - B"]
[Site "Olympik hotel, Sokolovska 138,"]
[Date "2021.08.06"]
[Round "1.5"]
[White "Jaeger, Andre"]
[Black "Mach, David"]
[Result "1-0"]
[WhiteElo "1883"]
[BlackElo "1519"]
[PlyCount "53"]
[EventDate "2021.08.06"]

1. d4 d5 2. c4 e5 3. dxe5 d4 4. Nf3 Nc6 5. a3 Be6 6. e3 dxe3 7. Qxd8+ Rxd8 8.
Bxe3 Nge7 9. Nc3 Ng6 10. Ng5 Ngxe5 11. Nxe6 fxe6 12. Be2 Nd4 13. Bxd4 Rxd4 14.
Nb5 Re4 15. f3 Rf4 16. Nxc7+ Kd7 17. Nb5 a6 18. Rd1+ Ke7 19. Nd4 Kf7 20. g3 Rf6
21. f4 Nd7 22. O-O Bc5 23. b4 Ba7 24. c5 Rd8 25. Kg2 e5 26. Bc4+ Kg6 27. Ne6
1-0

[Event "Summer Prague Open 2021 - B"]
[Site "Olympik hotel, Sokolovska 138,"]
[Date "2021.08.06"]
[Round "1.6"]
[White "Sonntagbauer, Manfred"]
[Black "Bednar, Jiri"]
[Result "0-1"]
[WhiteElo "1519"]
[BlackElo "1881"]
[PlyCount "44"]
[EventDate "2021.08.06"]

1. d4 Nf6 2. Nf3 d5 3. g3 c6 4. Bg2 Nbd7 5. Nbd2 Qc7 6. O-O e5 7. dxe5 Nxe5 8.
Nxe5 Qxe5 9. Nf3 Qh5 10. c3 Bc5 11. Re1 Ne4 12. e3 Bg4 13. a3 O-O 14. Qe2 Ng5
15. b4 Bb6 16. h4 Nxf3+ 17. Bxf3 Bxf3 18. Qf1 Qg4 19. Bb2 Rae8 20. Rac1 Re6 21.
a4 Rh6 22. Kh2 Rxh4+ 0-1

[Event "Summer Prague Open 2021 - B"]
[Site "Olympik hotel, Sokolovska 138,"]
[Date "2021.08.06"]
[Round "1.7"]
[White "Mihal, Sergej"]
[Black "Kosar, Milan"]
[Result "1-0"]
[WhiteElo "1877"]
[BlackElo "1516"]
[PlyCount "125"]
[EventDate "2021.08.06"]

1. e4 c5 2. Nf3 Nc6 3. c3 d5 4. e5 Qc7 5. d4 cxd4 6. cxd4 e6 7. Nc3 Bb4 8. Bd3
Nge7 9. O-O O-O 10. Bxh7+ Kxh7 11. Ng5+ Kg8 12. Qh5 Rd8 13. Qxf7+ Kh8 14. Rd1
Qd7 15. Qh5+ Kg8 16. g4 Qe8 17. Qh7+ Kf8 18. Rd3 Qg6 19. Qh8+ Ng8 20. Rf3+ Ke8
21. Qxg8+ Kd7 22. Qf7+ Qxf7 23. Rxf7+ Be7 24. Be3 Rg8 25. Ne2 b6 26. Rc1 Bb7
27. Kg2 Rac8 28. Bd2 Ba6 29. Ng3 Ke8 30. Rf3 Nxd4 31. Rxc8+ Bxc8 32. Rc3 Kd7
33. Nf3 Nxf3 34. Kxf3 Rf8+ 35. Kg2 Bb7 36. Rd3 Bh4 37. f4 Bxg3 38. Kxg3 g6 39.
h3 Rh8 40. Ra3 a6 41. Rb3 b5 42. a4 Bc6 43. axb5 Bxb5 44. Rc3 Bc6 45. Be3 Rh7
46. Bc5 Bb5 47. b4 Bf1 48. Kh2 Bc4 49. Bd6 Rh8 50. Rc1 Ke8 51. Kg3 Kd7 52. Rh1
Ke8 53. h4 Be2 54. Rh2 Bc4 55. Bc5 Kf7 56. h5 gxh5 57. f5 exf5 58. gxf5 Rg8+
59. Kh4 Bd3 60. Rf2 Rg1 61. e6+ Kf6 62. Bd4+ Ke7 63. f6+ 1-0

[Event "Summer Prague Open 2021 - B"]
[Site "Olympik hotel, Sokolovska 138,"]
[Date "2021.08.06"]
[Round "1.8"]
[White "Seiner, Frantisek"]
[Black "Kanos, Jozef"]
[Result "0-1"]
[WhiteElo "1511"]
[BlackElo "1873"]
[PlyCount "64"]
[EventDate "2021.08.06"]

1. e4 e5 2. Nf3 Nc6 3. Bc4 Be7 4. d4 d6 5. d5 Nb8 6. Bd3 Nf6 7. c4 O-O 8. Nc3
c6 9. O-O Nbd7 10. Bg5 Nxd5 11. Bxe7 Nxe7 12. Ng5 Ng6 13. h4 Nf4 14. g3 h6 15.
Nf3 Nxd3 16. Qxd3 Nc5 17. Qe3 Qf6 18. Nh2 Bh3 19. Rfd1 Rfd8 20. b4 Na6 21. a3
Be6 22. b5 Nc5 23. Qe2 Nb3 24. Rab1 Nd4 25. Qf1 g5 26. h5 Kh7 27. bxc6 bxc6 28.
Rb7 Rg8 29. Kh1 Rg7 30. Kg2 g4 31. Rdb1 Qg5 32. Qd1 Qxh5 0-1

[Event "Summer Prague Open 2021 - B"]
[Site "Olympik hotel, Sokolovska 138,"]
[Date "2021.08.06"]
[Round "1.9"]
[White "Guggenheim, Hans"]
[Black "Galante, Benedetto"]
[Result "1-0"]
[WhiteElo "1866"]
[BlackElo "1511"]
[PlyCount "39"]
[EventDate "2021.08.06"]

1. d4 b6 2. c4 Bb7 3. d5 d6 4. Nc3 Nf6 5. e4 Nbd7 6. Be2 c6 7. Nh3 Ne5 8. O-O
Qc7 9. f4 Ned7 10. Be3 cxd5 11. cxd5 a6 12. Rc1 Qd8 13. Qd4 e5 14. dxe6 fxe6
15. Ng5 Qe7 16. e5 Nd5 17. exd6 Qxd6 18. Nce4 Qe7 19. Bd2 h6 20. Bh5+ 1-0

[Event "Summer Prague Open 2021 - B"]
[Site "Olympik hotel, Sokolovska 138,"]
[Date "2021.08.06"]
[Round "1.10"]
[White "Klaeke, Gregor"]
[Black "Westendorp, Christian"]
[Result "0-1"]
[WhiteElo "1507"]
[BlackElo "1859"]
[PlyCount "64"]
[EventDate "2021.08.06"]

1. e4 c5 2. Nf3 a6 3. d4 cxd4 4. Qxd4 Nc6 5. Qc3 e6 6. a3 Nf6 7. Bd3 d5 8. Bg5
Be7 9. Bxf6 Bxf6 10. e5 d4 11. Qd2 Nxe5 12. Nxe5 Bxe5 13. O-O O-O 14. f4 Bc7
15. Qe2 f5 16. Nd2 b5 17. Nb3 Qd5 18. Rad1 Rf6 19. Qf3 Qxf3 20. Rxf3 Bb7 21.
Rf2 Rd8 22. Nc5 Bc8 23. g3 Rd5 24. b4 e5 25. fxe5 Rxe5 26. Kf1 f4 27. Ne4 Bh3+
28. Kg1 Rf8 29. gxf4 Re6 30. Rf3 Bg4 31. Rg3 Rxf4 32. Rg2 Bf5 0-1

[Event "Summer Prague Open 2021 - A"]
[Site "?"]
[Date "2021.08.07"]
[Round "2.1"]
[White "Krivanek, Vladimir"]
[Black "Pap, Gyula"]
[Result "1/2-1/2"]
[BlackElo "2519"]
[WhiteElo "2166"]
[LiveChessVersion "1.4.8"]

1. Nf3 {[%clk 1:27:16]} d5 {[%clk 1:30:12]} 2. d4 {[%clk 1:27:34]} Nf6
{[%clk 1:30:01]} 3. c4 {[%clk 1:27:50]} c6 {[%clk 1:29:11]} 4. Nc3
{[%clk 1:25:01]} e6 {[%clk 1:28:35]} 5. Bg5 {[%clk 1:23:15]} Nbd7
{[%clk 1:27:25]} 6. e3 {[%clk 1:18:59]} Qa5 {[%clk 1:27:00]} 7. Nd2
{[%clk 1:03:33]} Bb4 {[%clk 1:26:51]} 8. Qc2 {[%clk 0:58:32]} O-O
{[%clk 1:25:03]} 9. h4 {[%clk 0:54:17]} Re8 {[%clk 1:02:22]} 10. Bd3
{[%clk 0:47:15]} h6 {[%clk 0:59:04]} 11. Bxf6 {[%clk 0:40:18]} Nxf6
{[%clk 0:58:57]} 12. f4 {[%clk 0:37:45]} Ng4 {[%clk 0:53:16]} 13. Rh3
{[%clk 0:33:10]} Qd8 {[%clk 0:33:25]} 14. a3 {[%clk 0:17:59]} e5 {[%clk 0:14:41]}
15. fxe5 {[%clk 0:12:55]} Nxe5 {[%clk 0:14:02]} 16. dxe5 {[%clk 0:13:04]} Bxh3
{[%clk 0:13:46]} 17. gxh3 {[%clk 0:12:58]} Qxh4+ {[%clk 0:13:35]} 18. Ke2
{[%clk 0:12:09]} Rxe5 {[%clk 0:08:41]} 19. axb4 {[%clk 0:06:12]} Rae8
{[%clk 0:08:05]} 20. Nd1 {[%clk 0:04:32]} Qxh3 {[%clk 0:03:16]} 21. Nf1
{[%clk 0:03:16]} Rg5 {[%clk 0:00:57]} 22. Nf2 {[%clk 0:00:42]} Rg2
{[%clk 0:00:57]} 23. Qc3 {[%clk 0:00:38]} Qh4 {[%clk 0:00:33]} 24. Qe1
{[%clk 0:00:44]} dxc4 {[%clk 0:00:34]} 25. Bc2 {[%clk 0:00:34]} Rd8
{[%clk 0:00:35]} 26. e4 {[%clk 0:00:32]} Qf6 {[%clk 0:00:31]} 27. Rd1
{[%clk 0:00:32]} Rxd1 {[%clk 0:00:32]} 28. Bxd1 {[%clk 0:00:45]} b5
{[%clk 0:00:33]} 29. Ne3 {[%clk 0:00:37]} Rg3 {[%clk 0:00:31]} 30. Nf5
{[%clk 0:00:41]} Qxb2+ {[%clk 0:00:45]} 31. Kf1 {[%clk 0:00:38]} Ra3
{[%clk 0:00:42]} 32. Ng4 {[%clk 0:00:33]} h5 {[%clk 0:00:39]} 33. Nf2
{[%clk 0:00:32]} Qe5 {[%clk 0:00:34]} 34. Qd2 {[%clk 0:00:33]} Ra1
{[%clk 0:00:31]} 35. Kg2 {[%clk 0:00:36]} c3 {[%clk 0:00:33]} 36. Qd8+
{[%clk 0:00:51]} Kh7 {[%clk 0:01:01]} 37. Bb3 {[%clk 0:01:01]} Qf6
{[%clk 0:00:35]} 38. Ne7 {[%clk 0:00:40]} Qg5+ {[%clk 0:00:35]} 39. Kf3
{[%clk 0:01:01]} Qf6+ {[%clk 0:00:41]} 40. Ke2 {[%clk 0:01:05]} Rb1
{[%clk 0:00:32]} 41. Qg8+ {[%clk 0:24:00]} Kh6 {[%clk 0:30:56]} 42. Nf5+
{[%clk 0:23:38]} Kg6 {[%clk 0:30:11]} 43. Nh4+ {[%clk 0:18:50]} Kg5
{[%clk 0:29:41]} 44. Nf3+ {[%clk 0:18:48]} Kh6 {[%clk 0:29:47]} 45. Qh8+
{[%clk 0:18:21]} Kg6 {[%clk 0:30:08]} 46. Bc2 {[%clk 0:18:30]} Rb2
{[%clk 0:29:32]} 47. Ne1 {[%clk 0:14:01]} Qf4 {[%clk 0:23:36]} 48. Kf1
{[%clk 0:11:33]} Qd2 {[%clk 0:22:12]} 49. Qc8 {[%clk 0:07:59]} Rxc2
{[%clk 0:21:51]} 50. Nxc2 {[%clk 0:05:22]} Qxc2 {[%clk 0:22:14]} 51. Qf5+
{[%clk 0:05:37]} Kh6 {[%clk 0:22:33]} 52. Qf4+ {[%clk 0:05:56]} Kh7
{[%clk 0:21:12]} 53. Qf5+ {[%clk 0:06:14]} Kg8 {[%clk 0:19:22]} 54. Qc8+
{[%clk 0:06:34]} Kh7 {[%clk 0:19:48]} 55. Qf5+ {[%clk 0:06:58]} Kh6
{[%clk 0:20:08]} 56. Qf4+ {[%clk 0:07:15]} Kh7 {[%clk 0:20:33]} 57. Qf5+ 1/2-1/2

[Event "Summer Prague Open 2021 - A"]
[Site "?"]
[Date "2021.08.07"]
[Round "2.2"]
[White "Petr, Martin"]
[Black "Vorisek, Jakub"]
[Result "1-0"]
[BlackElo "2151"]
[WhiteElo "2503"]
[LiveChessVersion "1.4.8"]

1. e4 {[%clk 1:30:18]} e6 {[%clk 1:30:29]} 2. d4 {[%clk 1:30:17]} d5
{[%clk 1:30:35]} 3. e5 {[%clk 1:30:21]} c5 {[%clk 1:30:29]} 4. c3
{[%clk 1:30:36]} Nc6 {[%clk 1:30:25]} 5. Nf3 {[%clk 1:30:47]} Bd7
{[%clk 1:30:23]} 6. Be2 {[%clk 1:31:06]} cxd4 {[%clk 1:29:29]} 7. cxd4
{[%clk 1:31:18]} Nge7 {[%clk 1:28:11]} 8. Na3 {[%clk 1:30:50]} Ng6
{[%clk 1:27:11]} 9. h4 {[%clk 1:31:15]} Be7 {[%clk 1:26:29]} 10. h5
{[%clk 1:31:39]} Nh4 {[%clk 1:25:27]} 11. Nxh4 {[%clk 1:31:59]} Bxh4
{[%clk 1:25:50]} 12. h6 {[%clk 1:32:25]} g6 {[%clk 1:24:49]} 13. Nc2
{[%clk 1:32:46]} O-O {[%clk 1:23:15]} 14. O-O {[%clk 1:32:53]} Be7
{[%clk 1:19:14]} 15. Ne1 {[%clk 1:33:12]} f6 {[%clk 1:17:27]} 16. exf6
{[%clk 1:33:37]} Bxf6 {[%clk 1:17:39]} 17. Nf3 {[%clk 1:33:47]} Qb6
{[%clk 1:11:22]} 18. Be3 {[%clk 1:34:11]} Rac8 {[%clk 1:04:27]} 19. Rb1
{[%clk 1:10:25]} a5 {[%clk 0:43:41]} 20. a3 {[%clk 1:09:18]} Ne7 {[%clk 0:32:16]}
21. b4 {[%clk 0:58:48]} Nf5 {[%clk 0:30:08]} 22. Qd2 {[%clk 0:54:10]} axb4
{[%clk 0:23:21]} 23. Rxb4 {[%clk 0:54:32]} Qa7 {[%clk 0:22:20]} 24. Ra1
{[%clk 0:52:20]} Be7 {[%clk 0:20:36]} 25. Rb3 {[%clk 0:51:14]} Nd6
{[%clk 0:18:34]} 26. Ne5 {[%clk 0:50:45]} Ba4 {[%clk 0:18:03]} 27. Rb2
{[%clk 0:48:47]} b5 {[%clk 0:14:22]} 28. Bg4 {[%clk 0:47:46]} Rf6
{[%clk 0:11:05]} 29. Bg5 {[%clk 0:46:07]} Ne4 {[%clk 0:09:36]} 30. Bxf6
{[%clk 0:46:32]} Nxd2 {[%clk 0:09:05]} 31. Bxe6+ {[%clk 0:46:53]} Kf8
{[%clk 0:09:30]} 32. Bg7+ {[%clk 0:42:01]} Ke8 {[%clk 0:09:50]} 33. Rxd2
{[%clk 0:42:28]} Rc7 {[%clk 0:06:32]} 34. Bxd5 {[%clk 0:40:04]} Bxa3
{[%clk 0:02:46]} 35. Nc6 {[%clk 0:32:45]} Qb6 {[%clk 0:01:08]} 36. Rxa3
{[%clk 0:32:27]} Rxc6 {[%clk 0:01:04]} 37. Bxc6+ {[%clk 0:32:52]} Qxc6
{[%clk 0:01:31]} 38. Ra1 {[%clk 0:33:11]} b4 {[%clk 0:01:30]} 39. d5
{[%clk 0:33:29]} Qb5 {[%clk 0:00:53]} 40. Rda2 {[%clk 0:32:02]} Bb3
{[%clk 0:00:34]} 41. Ra8+ {[%clk 0:32:21]} Kd7 {[%clk 0:00:48]} 42. R1a7+
{[%clk 0:32:45]} Kd6 {[%clk 0:01:02]} 43. Rd8+ {[%clk 0:33:04]} Kc5
{[%clk 0:01:20]} 44. Rc7+ {[%clk 0:33:28]} 1-0

[Event "Summer Prague Open 2021 - A"]
[Site "?"]
[Date "2021.08.07"]
[Round "2.3"]
[White "Gloser, David"]
[Black "Jurcik, Marian"]
[Result "1/2-1/2"]
[BlackElo "2419"]
[WhiteElo "2164"]
[LiveChessVersion "1.4.8"]

1. e4 {[%clk 1:30:57]} c5 {[%clk 1:25:53]} 2. Nf3 {[%clk 1:31:19]} Nc6
{[%clk 1:23:46]} 3. c3 {[%clk 1:31:36]} Nf6 {[%clk 1:21:52]} 4. e5
{[%clk 1:31:58]} Nd5 {[%clk 1:22:16]} 5. d4 {[%clk 1:32:18]} cxd4
{[%clk 1:22:38]} 6. cxd4 {[%clk 1:32:00]} d6 {[%clk 1:22:19]} 7. Bc4
{[%clk 1:31:20]} Nb6 {[%clk 1:21:49]} 8. Bb5 {[%clk 1:31:28]} d5 {[%clk 1:21:56]}
9. Nc3 {[%clk 1:27:26]} Bg4 {[%clk 1:21:18]} 10. h3 {[%clk 1:23:03]} Bxf3
{[%clk 1:21:19]} 11. Qxf3 {[%clk 1:22:33]} e6 {[%clk 1:21:39]} 12. Qg4
{[%clk 1:18:26]} Rc8 {[%clk 1:19:20]} 13. Bg5 {[%clk 1:13:52]} Qd7
{[%clk 1:19:13]} 14. O-O {[%clk 1:11:27]} a6 15. Bd3 {[%clk 1:07:30]} Nb4
{[%clk 1:17:12]} 16. Rad1 {[%clk 1:04:58]} Nc4 {[%clk 1:15:43]} 17. Bc1
{[%clk 1:02:58]} Nxd3 {[%clk 1:10:46]} 18. Rxd3 {[%clk 1:03:22]} g6 19. h4 h5
{[%clk 1:07:16]} 20. Qh3 {[%clk 0:57:02]} Be7 {[%clk 0:35:35]} 21. Ne2 Nxb2
{[%clk 0:36:03]} 22. Bxb2 {[%clk 0:52:39]} Rc2 {[%clk 0:36:12]} 23. Rb3
{[%clk 0:49:30]} Rxe2 {[%clk 0:31:20]} 24. Qd3 {[%clk 0:45:08]} Re4
{[%clk 0:30:38]} 25. g3 {[%clk 0:44:56]} Rg4 {[%clk 0:30:21]} 26. Kh2
{[%clk 0:44:43]} Bxh4 {[%clk 0:24:56]} 27. gxh4 {[%clk 0:43:05]} Qe7
{[%clk 0:23:32]} 28. Qd2 {[%clk 0:36:33]} Rxh4+ {[%clk 0:21:59]} 29. Kg3
{[%clk 0:35:37]} Rg4+ 30. Kh2 {[%clk 0:36:00]} Rh4+ {[%clk 0:21:28]} 31. Kg3
{[%clk 0:32:01]} Rg4+ 32. Kh2 1/2-1/2

[Event "Summer Prague Open 2021 - A"]
[Site "?"]
[Date "2021.08.07"]
[Round "2.4"]
[White "Neuman, Petr"]
[Black "Kvaloy, Aksel Bu"]
[Result "1/2-1/2"]
[BlackElo "2126"]
[WhiteElo "2402"]
[LiveChessVersion "1.4.8"]

1. e4 {[%clk 1:29:31]} e5 {[%clk 1:30:54]} 2. Bc4 {[%clk 1:27:41]} Nf6
{[%clk 1:30:43]} 3. d3 {[%clk 1:27:37]} Nc6 {[%clk 1:27:40]} 4. Nc3
{[%clk 1:27:44]} Na5 {[%clk 1:26:09]} 5. Bg5 {[%clk 1:17:51]} Nxc4
{[%clk 1:16:55]} 6. dxc4 {[%clk 1:18:02]} c6 {[%clk 1:16:49]} 7. Qd3
{[%clk 1:17:51]} Bc5 {[%clk 1:13:49]} 8. O-O-O {[%clk 1:12:34]} Bxf2
{[%clk 1:04:35]} 9. Nf3 {[%clk 1:10:35]} Qe7 {[%clk 0:57:22]} 10. Rhf1
{[%clk 1:09:50]} Bc5 {[%clk 0:56:22]} 11. Na4 {[%clk 1:08:53]} h6
{[%clk 0:38:31]} 12. Bxf6 {[%clk 1:03:11]} gxf6 {[%clk 0:38:54]} 13. Nxc5
{[%clk 1:03:37]} Qxc5 {[%clk 0:39:17]} 14. Qd6 {[%clk 0:43:14]} Qxd6
{[%clk 0:37:46]} 15. Rxd6 {[%clk 0:43:21]} Ke7 {[%clk 0:37:51]} 16. c5
{[%clk 0:43:17]} b6 {[%clk 0:36:55]} 17. Nh4 {[%clk 0:43:42]} bxc5
{[%clk 0:36:28]} 18. Nf5+ {[%clk 0:44:06]} Kd8 {[%clk 0:36:45]} 19. Rxf6
{[%clk 0:44:08]} Ba6 {[%clk 0:32:40]} 20. Rd1 {[%clk 0:44:03]} Bc4
{[%clk 0:31:40]} 21. Rxc6 {[%clk 0:43:40]} Be6 {[%clk 0:31:47]} 22. Rxc5
{[%clk 0:43:40]} Bxf5 {[%clk 0:32:04]} 23. exf5 {[%clk 0:44:05]} f6
{[%clk 0:32:28]} 24. Rc4 {[%clk 0:36:53]} h5 {[%clk 0:27:58]} 25. Rd3
{[%clk 0:32:10]} Rg8 {[%clk 0:23:24]} 26. Rh4 {[%clk 0:31:11]} Rg5
{[%clk 0:18:39]} 27. Rg3 {[%clk 0:31:29]} Rxg3 {[%clk 0:18:29]} 28. hxg3
{[%clk 0:31:54]} Ke7 {[%clk 0:18:53]} 29. Rxh5 {[%clk 0:28:52]} Rg8
{[%clk 0:19:11]} 30. Rh7+ {[%clk 0:29:19]} Ke8 {[%clk 0:19:32]} 31. Rh6
{[%clk 0:28:15]} Kf7 {[%clk 0:19:45]} 32. Rg6 {[%clk 0:27:54]} Rh8
{[%clk 0:14:47]} 33. c4 {[%clk 0:04:02]} Rh2 {[%clk 0:13:08]} 34. b4
{[%clk 0:03:58]} Rxg2 {[%clk 0:13:04]} 35. a4 {[%clk 0:04:21]} Ra2
{[%clk 0:12:33]} 36. a5 {[%clk 0:04:44]} Ra4 {[%clk 0:12:27]} 37. Rh6
{[%clk 0:01:34]} Rxb4 {[%clk 0:12:38]} 38. Rh7+ {[%clk 0:02:00]} Ke8
{[%clk 0:12:59]} 39. Rh8+ {[%clk 0:02:00]} Ke7 {[%clk 0:13:04]} 40. Rc8
{[%clk 0:01:01]} Ra4 {[%clk 0:12:39]} 41. Kb2 {[%clk 0:00:44]} Rxa5
{[%clk 0:10:33]} 42. g4 {[%clk 0:01:11]} e4 {[%clk 0:05:07]} 43. Kc3
{[%clk 0:01:37]} Ra3+ {[%clk 0:03:38]} 44. Kd2 {[%clk 0:02:02]} Rg3
{[%clk 0:02:36]} 45. c5 {[%clk 0:01:33]} a5 {[%clk 0:00:50]} 46. Ra8
{[%clk 0:01:41]} Rd3+ {[%clk 0:00:52]} 47. Ke2 {[%clk 0:01:22]} Ra3
{[%clk 0:00:55]} 48. Ra7 {[%clk 0:01:43]} Kd8 {[%clk 0:01:07]} 49. Ra6
{[%clk 0:02:08]} Ke7 {[%clk 0:00:38]} 50. Ra7 {[%clk 0:02:33]} Kd8
{[%clk 0:00:49]} 51. Ra6 {[%clk 0:02:58]} Ke7 {[%clk 0:01:13]} 1/2-1/2

[Event "Summer Prague Open 2021 - A"]
[Site "?"]
[Date "2021.08.07"]
[Round "2.5"]
[White "Gramb, Marius"]
[Black "Finek, Vaclav"]
[Result "1/2-1/2"]
[BlackElo "2372"]
[WhiteElo "2150"]
[LiveChessVersion "1.4.8"]

1. d4 {[%clk 1:28:27]} Nf6 {[%clk 1:30:56]} 2. c4 {[%clk 1:28:41]} g6
{[%clk 1:31:18]} 3. g3 {[%clk 1:28:43]} Bg7 {[%clk 1:31:33]} 4. Bg2
{[%clk 1:28:51]} d5 {[%clk 1:31:34]} 5. cxd5 {[%clk 1:28:49]} Nxd5
{[%clk 1:31:59]} 6. Nf3 {[%clk 1:28:49]} O-O {[%clk 1:30:53]} 7. O-O
{[%clk 1:28:48]} Nb6 {[%clk 1:30:30]} 8. Nc3 {[%clk 1:28:03]} Nc6
{[%clk 1:28:17]} 9. e3 {[%clk 1:25:48]} Re8 {[%clk 1:25:27]} 10. h3
{[%clk 1:23:42]} a5 {[%clk 1:14:32]} 11. a4 {[%clk 1:12:05]} Nb4 {[%clk 1:06:45]}
12. e4 {[%clk 1:02:31]} c6 {[%clk 1:05:39]} 13. b3 {[%clk 0:55:59]} f5
{[%clk 1:02:19]} 14. e5 {[%clk 0:51:06]} Be6 {[%clk 0:57:04]} 15. Ng5
{[%clk 0:43:27]} Qd7 {[%clk 0:56:55]} 16. f4 {[%clk 0:35:13]} Rad8
{[%clk 0:50:37]} 17. Be3 {[%clk 0:29:54]} N6d5 {[%clk 0:47:05]} 18. Bxd5
{[%clk 0:24:54]} Bxd5 {[%clk 0:42:48]} 19. Bf2 {[%clk 0:18:45]} e6
{[%clk 0:39:05]} 20. Rb1 {[%clk 0:13:06]} b6 {[%clk 0:35:05]} 21. Qe2
{[%clk 0:11:18]} h6 {[%clk 0:27:18]} 22. Nf3 {[%clk 0:11:04]} Kh7
{[%clk 0:26:35]} 23. Kh2 {[%clk 0:07:54]} Qb7 {[%clk 0:24:04]} 24. Rfc1
{[%clk 0:04:20]} Rc8 {[%clk 0:21:55]} 25. Nd2 {[%clk 0:04:12]} Qa6
{[%clk 0:17:44]} 26. Qxa6 {[%clk 0:03:54]} Nxa6 {[%clk 0:17:59]} 27. Nc4
{[%clk 0:02:41]} Bxc4 {[%clk 0:18:01]} 28. bxc4 {[%clk 0:03:09]} Nb4
{[%clk 0:18:21]} 29. Rd1 {[%clk 0:02:18]} g5 {[%clk 0:15:12]} 30. Rd2
{[%clk 0:02:12]} 1/2-1/2

[Event "Summer Prague Open 2021 - A"]
[Site "?"]
[Date "2021.08.07"]
[Round "2.6"]
[White "Plischki, Sebastian"]
[Black "Sindler, Michal"]
[Result "1-0"]
[BlackElo "2122"]
[WhiteElo "2356"]
[LiveChessVersion "1.4.8"]

1. d4 {[%clk 1:30:55]} Nf6 {[%clk 1:30:56]} 2. c4 {[%clk 1:31:05]} g6
{[%clk 1:31:21]} 3. g3 {[%clk 1:31:24]} Bg7 {[%clk 1:31:42]} 4. Bg2
{[%clk 1:31:47]} O-O {[%clk 1:32:08]} 5. Nc3 {[%clk 1:32:07]} d6 {[%clk 1:32:20]}
6. Nf3 {[%clk 1:32:27]} c6 {[%clk 1:32:36]} 7. O-O {[%clk 1:32:38]} Qa5
{[%clk 1:33:01]} 8. e4 {[%clk 1:32:55]} e5 {[%clk 1:33:13]} 9. h3
{[%clk 1:32:51]} Nbd7 {[%clk 1:33:34]} 10. Qc2 {[%clk 1:32:11]} exd4
{[%clk 1:30:26]} 11. Nxd4 {[%clk 1:32:33]} Nb6 {[%clk 1:26:43]} 12. b3
{[%clk 1:29:22]} d5 {[%clk 1:20:14]} 13. cxd5 {[%clk 1:21:07]} Nfxd5
{[%clk 1:05:08]} 14. exd5 {[%clk 1:16:20]} Bxd4 {[%clk 1:04:12]} 15. Bd2
{[%clk 1:15:17]} Bf5 {[%clk 0:55:59]} 16. Qc1 {[%clk 1:13:27]} Qc5
{[%clk 0:49:03]} 17. dxc6 {[%clk 1:11:35]} bxc6 {[%clk 0:32:15]} 18. Ne2
{[%clk 1:09:17]} Qxc1 {[%clk 0:31:58]} 19. Raxc1 {[%clk 1:09:28]} Bb2
{[%clk 0:32:09]} 20. Rxc6 {[%clk 1:07:34]} Rac8 {[%clk 0:31:07]} 21. g4
{[%clk 0:54:35]} Bd3 {[%clk 0:29:39]} 22. Re1 {[%clk 0:54:33]} Bb5
{[%clk 0:26:31]} 23. Rxc8 {[%clk 0:50:14]} Rxc8 {[%clk 0:26:57]} 24. Be3
{[%clk 0:49:49]} Bc6 {[%clk 0:22:22]} 25. Bxc6 {[%clk 0:47:09]} Rxc6
{[%clk 0:21:44]} 26. Nd4 {[%clk 0:45:30]} Rc7 {[%clk 0:17:13]} 27. Nb5
{[%clk 0:37:55]} Rd7 {[%clk 0:13:42]} 28. Re2 {[%clk 0:37:54]} Ba1
{[%clk 0:12:43]} 29. Nxa7 {[%clk 0:36:54]} Nd5 {[%clk 0:12:12]} 30. Rd2
{[%clk 0:34:45]} f5 {[%clk 0:11:46]} 31. Nc6 {[%clk 0:34:00]} Kf7
{[%clk 0:10:53]} 32. Nb4 {[%clk 0:32:19]} 1-0

[Event "Summer Prague Open 2021 - A"]
[Site "?"]
[Date "2021.08.07"]
[Round "2.7"]
[White "Hajiyev, Kanan"]
[Black "Hrabusa, Matej"]
[Result "1/2-1/2"]
[BlackElo "2350"]
[WhiteElo "2124"]
[LiveChessVersion "1.4.8"]

1. d4 {[%clk 1:16:32]} Nf6 {[%clk 1:30:51]} 2. Nf3 {[%clk 1:14:44]} e6
{[%clk 1:31:04]} 3. c4 {[%clk 1:11:52]} Bb4+ {[%clk 1:31:19]} 4. Bd2
{[%clk 1:10:55]} Qe7 {[%clk 1:30:53]} 5. Nc3 {[%clk 1:06:21]} c5 {[%clk 1:26:51]}
6. g3 {[%clk 1:00:28]} b6 {[%clk 1:19:29]} 7. Bg2 {[%clk 0:51:29]} Bb7
{[%clk 1:16:43]} 8. Nb5 {[%clk 0:44:33]} Na6 {[%clk 1:06:34]} 9. O-O
{[%clk 0:40:02]} Bxd2 {[%clk 1:04:51]} 10. Qxd2 {[%clk 0:36:17]} O-O
{[%clk 1:01:40]} 11. Rfd1 {[%clk 0:32:24]} d5 {[%clk 0:54:10]} 12. cxd5
{[%clk 0:30:20]} Bxd5 {[%clk 0:52:57]} 13. Nc3 {[%clk 0:29:39]} Bb7
{[%clk 0:45:39]} 14. Rac1 {[%clk 0:27:53]} Rfd8 {[%clk 0:40:42]} 15. Qf4
{[%clk 0:28:01]} Rac8 {[%clk 0:37:49]} 16. h4 {[%clk 0:27:55]} h6
{[%clk 0:35:03]} 17. Ne5 {[%clk 0:24:55]} Bxg2 {[%clk 0:33:27]} 18. Kxg2
{[%clk 0:23:16]} cxd4 {[%clk 0:13:16]} 19. Rxd4 {[%clk 0:23:30]} 1/2-1/2